000 01255cam a2200289 a 4500
001 000014610
003 DO-SdBNP
005 20231109104417.0
008 801113s1979 mx 100 0 spa d
020 _a9681200519
035 _a(DLC) 80125432
040 _aDO-SdBNP
_bspa
_cBNPHU
082 4 _a972.0833
_bV831
_222
111 2 _aSimposio sobre México Hoy
_d(1978)
_933086
245 1 0 _aVisión del México contemporáneo.
260 _aMéxico :
_bColegio de México,
_c1979.
300 _a148 p. ;
_c20 cm.
500 _aDocumentos presentados originalmente en el Simposio hoy sobre México, 1978.
651 4 _aMéxico
_xPolítica y gobierno
_y1970-1988
_vCongresos, conferencias, etc.
_933087
651 4 _aMéxico
_xCondiciones económicas
_y1970-1982
_vCongresos, conferencias, etc.
_933088
651 4 _aMéxico
_xCondiciones sociales
_y1970-
_933089
_vCongresos, conferencias, etc.
651 4 _aMéxico
_xRelaciones exteriores
_93674
_vCongresos, conferencias, etc.
651 4 _aMéxico
_xRelaciones económicas exteriores
_zEstados Unidos
_933090
_vCongresos, conferencias, etc.
651 4 _aEstados Unidos
_xRelaciones exteriores
_zMéxico
_933091
_vCongresos, conferencias, etc.
910 _aCatalogación por copia / LC
942 _2ddc
_cLBS1
999 _c14195
_d14195